00305nam a2200121Ia 4500008004100000020001500041041001200056100001500068245003700083260003600120300000800156650001900164221030s9999 xx 000 0 und d a9380298515 aEnglish aN. P. Bali 0aIntegral Calculuscby N. P. Bali bFirewall MediaaNew Delhic2016 a742 aBE Mathematics